Представление документа в формате RUSMARC

Поле Инд. ПП Название Значение
Тип записи a
Библиографический уровень a
001 Контрольный номер ae9d4d80be16471ab7f77bd684bb6708
005 Дата корректировки 20190925140842.5
100 a Данные общей обработки 20190925 ||| 0rusy0189 ca
101 0_ a Язык текста rus
102 a Страна публикации RU
200 1_ f Первые сведения об ответственности Д.А. Плотников, Д.К. Усцов
a Заглавие О правовом статусе тела, органов и тканей человека, протезов, имплантатов в гражданском обороте
b Общее обозначение материала Текст
210 1_ d Дата издания 2019
461 _0 1 2000
a Российский судья
463 _0 1 2000
a № 6
v С. 30-35
1 2101
d 2019
1 0010f80976fe03448938de0365a84524d2d
606 a Основная рубрика Гражданское и торговое право
610 0_ a Ключевые слова МЕДИЦИНА И ПРАВО
a Ключевые слова ГРАЖДАНСКИЕ ПРАВООТНОШЕНИЯ
700 _1 a Фамилия Плотников
b Имя Д.А.
701 _1 a Фамилия Усцов
b Имя Д.К.
801 _0 a Страна RU
b Организация РГУП
c Дата составления 20190925
g Правила каталогизации PSBO
801 _1 a Страна RU
b Организация РГУП
c Дата составления 20190925
g Правила каталогизации PSBO
901 t Тип документа b
w Контрольный № источника 0f80976fe03448938de0365a84524d2d
905 a Дата ввода 20190925